000 00611nam a22002177a 4500
003 UA-OsUOA
001 108417
007 ta
008 20141020b un ||||| |||| 00| 0 ukr d
100 _aБерезной А.
090 _a330
_bБ48
942 _cSA
040 _aUA-OsUOA
_brus
_cUA-OsUOA
_dUA-OsUOA
245 _aИнновационный бизнес-модели в конкурентной стратегии крупных корпорацый
300 _aС.65-82
955 _a0
041 _arus
080 _a330
773 0 _w108414
650 7 _a330 Економіка взагалі
_2UDC
999 _c394852
_d394852